Las voces del SINA : (Registro nro. 7949)

Detalles MARC
000 -LEADER
fixed length control field 01937nam a2200253Ia 4500
003 - CONTROL NUMBER IDENTIFIER
control field OSt
005 - DATE AND TIME OF LATEST TRANSACTION
control field 20210728183938.0
008 - FIXED-LENGTH DATA ELEMENTS--GENERAL INFORMATION
fixed length control field 210310s2002 ck aod gr 000 0 spa d
020 ## - INTERNATIONAL STANDARD BOOK NUMBER
International Standard Book Number 9589487211
040 ## - CATALOGING SOURCE
Original cataloging agency CO-JMCR
Transcribing agency CO-JMCR
041 0# - LANGUAGE CODE
Language code of text/sound track or separate title spa
082 04 - DEWEY DECIMAL CLASSIFICATION NUMBER
Classification number 333.709861 /
Item number S669v
Edition number 23
100 1# - MAIN ENTRY--PERSONAL NAME
Personal name Sánchez T., Angela,
9 (RLIN) 15902
Relator term investigadora
245 14 - TITLE STATEMENT
Title Las voces del SINA :
Remainder of title reportaje al Sistema Nacional Ambiental SINA /
Statement of responsibility, etc. investigación, redacción, edición y coordinación editorial Angela Sánchez T.
250 ## - EDITION STATEMENT
Edition statement Primera edición
260 ## - PUBLICATION, DISTRIBUTION, ETC.
Place of publication, distribution, etc. Bogotá :
Name of publisher, distributor, etc. Ministerio del Medio Ambiente :
-- Corporación Autónoma Regional del Valle del Cauca,
Date of publication, distribution, etc. 2002
300 ## - PHYSICAL DESCRIPTION
Other physical details 233 páginas :
Extent ilustraciones, fotografías y graficas a color y a blanco y negro ;
Dimensions 28 cm.
500 ## - GENERAL NOTE
General note Incluye notas a pie de página.
504 ## - BIBLIOGRAPHY, ETC. NOTE
Bibliography, etc. note Bibliografía: páginas 231-233
505 0# - FORMATTED CONTENTS NOTE
Formatted contents note La historia del Sina -- La prehistoria del Sina -- Antecedentes de las instituciones ambientales en Colombia -- La Ley 99 de 1993: Nace el Sina -- Los actores del Sina -- Actores institucionales -- Actores sociales -- Consejo Nacional Ambiental -- Instrumentos del Sina -- Instrumentos normativos del Sina -- Instrumentos de planeación ambiental el Colombia -- Instrumentos económicos y su aplicación en la gestión ambiental colombiana -- La inversión pública ambiental -- Mecanismos de participación en la gestión ambiental: un reto para el nuevo milenio -- Experiencias de construcción del Sina -- El proyecto colectivo ambiental: Un aporte a la dinamización del Sina -- Los casos de "somos Sina" -- Otras experiencias de articulación del Sina -- Retos y perspectivas del Sina -- Contexto y precedentes -- Las precepciones de los actores -- Prioridades: fortalecer la planeación y hacer efectiva la participación
650 14 - SUBJECT ADDED ENTRY--TOPICAL TERM
Topical term or geographic name entry element Política ambiental
9 (RLIN) 15904
Geographic subdivision Colombia
650 24 - SUBJECT ADDED ENTRY--TOPICAL TERM
Topical term or geographic name entry element Gestión ambiental
Geographic subdivision Colombia
9 (RLIN) 38862
942 ## - ADDED ENTRY ELEMENTS (KOHA)
Source of classification or shelving scheme Dewey Decimal Classification
Koha item type Books
Existencias
Withdrawn status Lost status Source of classification or shelving scheme Damaged status Not for loan Collection code Home library Current library Date acquired Source of acquisition Full call number Barcode Date last seen Copy number Koha item type
    Dewey Decimal Classification     Non-fiction Biblioteca Pública José María del Castillo y Rada Biblioteca Pública José María del Castillo y Rada 04/15/2018 Donación 333.709861 / S669v 430003616 05/16/2024 Ej.1 Books